| 000 | 00472nam a22001697a 4500 | ||
|---|---|---|---|
| 005 | 20251108165854.0 | ||
| 008 | 250721s1982 xx 000 0 ara d | ||
| 082 | 1 | 4 | _aم/644/محم |
| 100 | 1 | _aالجندي، محمد ممتاز | |
| 245 | 1 | 0 | _aالصناعات الغذائية / |
| 250 | _aط3 | ||
| 264 | 1 |
_aالقاهرة : _bدارا لمعارف، _c1982. |
|
| 300 | _a7ج : مص | ||
| 650 | 1 | 7 | _aصناعة الأغذية |
| 942 |
_2ddc _cREF |
||
| 999 |
_c33526 _d33526 |
||